00541nmm a2200193Ia 4500008004100000020001800041041000800059100002100067245002700088264004900115300001800164490002500182650002100207700002100228700002300249856005100272942000700323999001700330251105s9999||||xx |||||||||||||||||und|| a9788484288541 aspa aBarry, Sebastian 0aEn el lado de Canaán a[Madrid, España] :bAlba Editorial, c2013 a208 páginas aAlba Contemporánea aOther narratives aBarry, Sebastian1 a Vidal Sanz, Laura uhttps://public.digitaliapublishing.com/a/33256 cCF c62553d62553